书目信息 |
| 题名: |
轻·远
|
|
| 作者: | 施马尔 , 弗拉格 , 博格勒 著 ;陈神周 译 | |
| 分册: | ||
| 出版信息: | 北京 中国建筑工业出版社 2004.09 |
|
| 页数: | 319页 | |
| 开本: | 30cm | |
| 丛书名: | ||
| 单 册: | ||
| 中图分类: | TU206 | |
| 科图分类: | ||
| 主题词: | 建筑设计--jian zhu she ji--德国--现代--作品集 | |
| 电子资源: | ||
| ISBN: | 7-112-06816-9 | |
| 000 | 01181nam0 2200289 450 | |
| 001 | 012007131759 | |
| 005 | 20070920154012.86 | |
| 010 | @a7-112-06816-9@dCNY180.00 | |
| 100 | @a20070818d2004 km y0chiy0120 ea | |
| 101 | 1 | @achi@ceng |
| 102 | @aCN@b110000 | |
| 105 | @aa z 000yy | |
| 200 | 1 | @a轻·远@Aqing·yuan@d= Light structures@e德国约格·施莱希和鲁道夫·贝格曼的轻型结构@zeng |
| 210 | @a北京@c中国建筑工业出版社@d2004.09 | |
| 215 | @a319页@c图@d30cm | |
| 314 | @a版权页题编著者: 安妮特·博格勒, 彼得·卡绍拉·施马尔, 英格博格·弗拉格。 | |
| 330 | @a本书包含1012张图片。通过本书约格·施莱希和鲁道夫·贝格曼的结构设计公司的所有作品第一次全部展现。 | |
| 500 | 10 | @aLight structures@mChinese |
| 517 | 1 | @a德国约格·施莱希和鲁道夫·贝格曼的轻型结构@Ade guo yue ge·shi lai xi he lu dao fu·bei ge man de qing xing jie gou |
| 606 | 0 | @a建筑设计@Ajian zhu she ji@y德国@z现代@j作品集 |
| 690 | @aTU206@v4 | |
| 701 | 1 | @a施马尔@Ashi ma er@g(Schmal, Peter Cachola)@4著 |
| 701 | 1 | @a弗拉格@Afu la ge@g(Flagge, Ingeborg)@4著 |
| 701 | 1 | @a博格勒@Abo ge le@g(Bogle, Annette)@4著 |
| 702 | 0 | @a陈神周@Achen shen zhou@4译 |
| 801 | 0 | @aCN@c20070920 |
| 905 | @dTU206@eB955 | |
| 轻·远= Light structures:德国约格·施莱希和鲁道夫·贝格曼的轻型结构.-北京:中国建筑工业出版社,2004.09 |
| 319页:图;30cm |
| ISBN 7-112-06816-9:CNY180.00 |
| 本书包含1012张图片。通过本书约格·施莱希和鲁道夫·贝格曼的结构设计公司的所有作品第一次全部展现。 |
| ● |
| 相关链接 |
|
|
|
正题名:轻·远
索取号:TU206/B955
 
预约/预借
| 序号 | 登录号 | 条形码 | 馆藏地/架位号 | 状态 | 备注 |
| 1 | 260732 | 202607321 | 建筑库101/ [索取号:TU206/B955] | 在馆 |